Normal view
MARC view
Entry Personal Name
001 - CONTROL NUMBER
- control field: 4109
003 - CONTROL NUMBER IDENTIFIER
- control field: OSt
005 - DATE AND TIME OF LATEST TRANSACTION
- control field: 20241211090811.0
008 - FIXED-LENGTH DATA ELEMENTS
- fixed length control field: 241211|| aca||aabn | a|a d
040 ## - CATALOGING SOURCE
- Original cataloging agency: OSt
- Transcribing agency: OSt
100 ## - HEADING--PERSONAL NAME
- Personal name: Hamsun, Knut,
- Dates associated with a name: 1859-1952
670 ## - SOURCE DATA FOUND
- Source citation: Work cat.: (OSt)0: Hamsun, Knut, 1859-1952 aut, Požehnanie zeme, 1976